Base de datos sobre plantas colombianas extintas o en peligro de extinción (Registro nro. 1705)

Detalles MARC
000 -CABECERA
Campo de control 00979nam a2200277 a 4500
005 - FECHA Y HORA DE LA ULTIMA TRANSACCION
Campo de control 20180803164928.0
008 - ELEMENTOS DE LONGITUD FIJA—INFORMACION GENERAL
Campo de control 140120b1997 ck ||||| |||| 00| 0 spa d
041 ## - IDIOMA
Código de idioma para texto/pista de sonido o título separado Español
044 ## - PAÍS DE PUBLICACIÓN
País de publicación Colombia
090 ## - CLASIFICACIÓN LOCAL
Colección IAvH
Consecutivo 00071
100 1# - ASIENTO PRINCIPAL--NOMBRE PERSONAL
Nombre personal Calderón-Sáez, Eduardo
245 10 - MENCION DE TITULO
Título Base de datos sobre plantas colombianas extintas o en peligro de extinción
260 ## - PUBLICACION, DISTRIBUCION, ETC. (PIE DE IMPRENTA)
Lugar de publicación, distribución, etc. Villa de Leyva (Boyacá) :
Nombre del editor, distribuidor, etc. Instituto Alexander von Humboldt,
Fecha de publicación, distribución, etc. 1997.
300 ## - DESCRIPCION FISICA
Extensión 4 vol.
-- Vol 1. ( p.), Vol 2. ( p.), Vol 3. (553 p.), Vol 4. (500 p.),
Dimensiones 35 cm.
505 ## - NOTA DE CONTENIDO
Nota de contenido Vol. 1: Acanthaceae, Metteniasaceae
505 ## - NOTA DE CONTENIDO
Nota de contenido Vol. 2: Moraceae, Zygophyllaceae
505 ## - NOTA DE CONTENIDO
Nota de contenido Vol. 3: Acanthaceae, Lauraceae
505 ## - NOTA DE CONTENIDO
Nota de contenido Vol. 4: Leythidaceae, Zygophyllaceae
650 #6 - ASIENTO SECUNDARIO DE MATERIA - TERMINO TEMATICO
Término temático o nombre geográfico como elemento de entrada Plantas
650 #6 - ASIENTO SECUNDARIO DE MATERIA - TERMINO TEMATICO
Término temático o nombre geográfico como elemento de entrada Especies en peligro
650 #4 - ASIENTO SECUNDARIO DE MATERIA - TERMINO TEMATICO
Término temático o nombre geográfico como elemento de entrada Extinción
650 #4 - ASIENTO SECUNDARIO DE MATERIA - TERMINO TEMATICO
Término temático o nombre geográfico como elemento de entrada Categorías UICN
650 #4 - ASIENTO SECUNDARIO DE MATERIA - TERMINO TEMATICO
Término temático o nombre geográfico como elemento de entrada Listas rojas UICN
650 ## - ASIENTO SECUNDARIO DE MATERIA - TERMINO TEMATICO
Término temático o nombre geográfico como elemento de entrada Inventarios
942 ## - ELEMENTOS ADICIONALES (KOHA)
Tipo de ítem Informe Técnico
Sistema de clasificación Local
Koha issues (borrowed), all copies 1
Existencias
Withdrawn status Lost status Sistema de Clasificación Damaged status No para préstamo Colección Ubicación Permanente Ubicación actual Fecha de adquisición Fuente de Valor Total Checkouts Número topográfico Inventario / Código de Barras Date last seen Ejemplar Price effective from Forma de adquisición Tipo de material Public note Date checked out
    Local     Humboldt Villa de Leyva Villa de Leyva 13/02/1998 CID Humboldt   IAvH-00071 003836 09/08/2024 V. 1 04/12/2012   Informe Técnico Informe final  
    Local     Humboldt Villa de Leyva Villa de Leyva 13/02/1998 CID Humboldt 1 IAvH-00071 003837 09/08/2024 V. 2 04/12/2012   Informe Técnico Helechos y Orquídeas 20/06/2018
    Local     Humboldt Villa de Leyva Villa de Leyva 13/02/1998 CID Humboldt 2 IAvH-00071 003838 09/08/2024 V. 3 04/12/2012   Informe Técnico Acanthaceae a Lauraceae 20/06/2018
    Local     Humboldt Villa de Leyva Villa de Leyva 13/02/1998 CID Humboldt   IAvH-00071 004227 09/08/2024 Anexo 2 04/12/2012   Informe Técnico Moraceae a Zygophyllacae  
    Local     Humboldt Villa de Leyva Villa de Leyva 13/02/1998 CID Humboldt   IAvH-00071 004228 04/12/2012 Ej. 1 04/12/2012   Medio Magnético Plantas colombianas extintas o en peligro de extinción  
    Local     Humboldt Villa de Leyva Villa de Leyva 15/07/2014     IAVH-00071 028298 09/08/2024 Anexo 1 15/07/2014   Informe Técnico Acanthaceae a Metteniusaceae  
    Local     Humboldt Villa de Leyva Villa de Leyva 15/07/2014   1 IAVH-00071 003839 09/08/2024 V. 4 15/07/2014   Informe Técnico Lecythidaceae a Zygophyllaceae 19/07/2017